| 000 | 00887nam0a22002531 4500 | ||
|---|---|---|---|
| 001 | v19\rc\1334482 | ||
| 005 | 20060512114003.9 | ||
| 035 | _a(NLR Aleph) 004484577 | ||
| 090 |
_a4621139 _c4621139 |
||
| 100 | _a20060512d1852 |||y0rusy50 ca | ||
| 101 | 0 | _arus | |
| 102 | _aRU | ||
| 105 | _aac z ||||| | ||
| 200 | 1 |
_aРоссийский царственный дом Романовых _eИзд. Г.К. Фридебурга |
|
| 210 |
_aСанкт-Петербург _cтип. II отд. Собств. е. и. в. канцелярии _dценз. 1852 |
||
| 215 |
_a152 с. разд. паг., 49 л. ил., портр. _d44 |
||
| 300 | _aИзд. выходило тетрадями | ||
| 702 | 1 |
_aФридебург _bГ. К. _4650 |
|
| 801 | 0 |
_aRU _bNLR _gpsbo |
|
| 801 | 0 |
_aRU _bRuMoRGB _2psbo |
|
| 801 | 1 |
_aRU _bProSoft-M _2rusmarc |
|
| 852 |
_aNLR _j18.52.2.51 |
||
| 942 | _cBOOK | ||
| 980 | _aNB | ||